Fascism, aesthetics, and culture /

Bibliographic Details
Other Authors: Golsan, Richard Joseph, 1952-
Format: Book
Language:English
Published: Hanover, NH : University Press of New England, [1992]
Subjects:

MARC

Tag First Indicator Second Indicator Subfields
LEADER 00000cam a22000008a 4500
001 in00001074521
005 20150929170500.0
008 910930s1992 nhu b 001 0 eng
010 |a  91050815  
020 |a 0874515785 (cl) 
020 |a 087451584X (pa) 
035 |a (OCoLC)25553258 
035 |9 AFR6662AM 
040 |a DLC  |c DLC  |d NGU  |d TXA  |d UtOrBLW 
049 |a TXAM 
050 0 0 |a HM101  |b .F34 1992 
082 0 0 |a 306  |2 20 
245 0 0 |a Fascism, aesthetics, and culture /  |c edited by Richard J. Golsan. 
263 |a 9206 
264 1 |a Hanover, NH :  |b University Press of New England,  |c [1992] 
264 4 |c ©1992 
300 |a xviii, 301 pages :  |b illustrations ;  |c 24 cm. 
336 |a text  |b txt  |2 rdacontent 
337 |a unmediated  |b n  |2 rdamedia 
338 |a volume  |b nc  |2 rdacarrier 
504 |a Includes bibliographical references and index. 
650 0 |a Culture. 
650 0 |a Fascism and culture. 
650 0 |a Aesthetics, Modern. 
700 1 |a Golsan, Richard Joseph,  |d 1952- 
999 |a MARS 
999 f f |s 1c9446ef-66b2-3403-9fb3-016f4d14adc0  |i 161de5ff-198b-3dd7-95a2-a605e475f193  |t 0 
952 f f |p ric  |a Texas A&M University  |b Rellis Campus  |c Joint Library Facility  |d Remote Storage  |t 0  |e HM101 .F34 1992  |h Library of Congress classification  |i unmediated -- volume  |m A14816368609 
998 f f |a HM101 .F34 1992  |t 0  |l Remote Storage